Designing qualitative research. (5th ed.) (Record no. 63464)

MARC details
000 -LEADER
fixed length control field 00896nam a2200205 a 4500
008 - FIXED-LENGTH DATA ELEMENTS--GENERAL INFORMATION
fixed length control field 130404s2011 ||||||||||||||||| || u
020 ## - INTERNATIONAL STANDARD BOOK NUMBER
International Standard Book Number 9781412970440
050 ## - LIBRARY OF CONGRESS CALL NUMBER
Classification number H 62 Mar
100 ## - MAIN ENTRY--PERSONAL NAME
Personal name Rossaman, Gretchen B
245 10 - TITLE STATEMENT
Title Designing qualitative research. (5th ed.)
Statement of responsibility, etc. by Catherine Marshall and Gretchen B. Rossman
250 ## - EDITION STATEMENT
Edition statement 5th edition
260 ## - PUBLICATION, DISTRIBUTION, ETC.
Place of publication, distribution, etc. Thousand Oak:
Name of publisher, distributor, etc. SAGE Publications
Date of publication, distribution, etc. 2011
300 ## - PHYSICAL DESCRIPTION
Extent xxii, 321p.
500 ## - GENERAL NOTE
General note includes references
650 #0 - SUBJECT ADDED ENTRY--TOPICAL TERM
Topical term or geographic name entry element SOCIAL SCIENCES--RESEARCH--METHODOLOGY
650 #0 - SUBJECT ADDED ENTRY--TOPICAL TERM
Topical term or geographic name entry element QUALITATIVE RESEARCH
700 ## - ADDED ENTRY--PERSONAL NAME
Personal name Marshall, Catherine
995 ## -
-- MAIN LIBRARY OPEN ACCESS
-- 743612
-- CBU-MAIN LIBRARY (Kitwe)
-- H 62 Mar
-- 2
-- AVAILABLE
-- Jun 12, 2013
-- 743612
-- Main Library Open Access Collection
995 ## -
-- MAIN LIBRARY OPEN ACCESS
-- 743813
-- CBU-MAIN LIBRARY (Kitwe)
-- H 62 Mar
-- 1
-- AVAILABLE
-- May 31, 2013
-- 743813
-- Main Library Open Access Collection
999 ## -
-- 63464
-- 63464
Holdings
Withdrawn status Lost status Source of classification or shelving scheme Damaged status Not for loan Permanent Location Current Location Shelving location Date acquired Total Checkouts Full call number Barcode Date last seen Price effective from Koha item type
          CBU-MAIN LIBRARY, KITWE. CBU-MAIN LIBRARY, KITWE.   12/24/2022   H 62 Mar 743612 12/24/2022 12/24/2022 MONOGRAPH
          CBU-MAIN LIBRARY, KITWE. CBU-MAIN LIBRARY, KITWE.   12/24/2022   H 62 Mar 743813 12/24/2022 12/24/2022 MONOGRAPH